| 000 | 00547nam a22001697a 4500 | ||
|---|---|---|---|
| 003 | SGT | ||
| 020 | _a9788131704813 | ||
| 082 | _a547, MOR | ||
| 100 | _aMORRISON THORNTON ROBERT | ||
| 245 | _aORGANIC CHEMISTRY | ||
| 250 | _a7TH | ||
| 260 |
_aNEW DELHI _bPEARSON _c2011 |
||
| 300 | _a1472 | ||
| 650 | _aORGANIC CHEMISTRY | ||
| 653 | _a FUNDAMENTALS OF ORGANIC CHEMISTRY PART, CHEMISTRY OF FUNCTIONAL GROUPS PART, SPECIAL TOPICSPART, BIOMOLECULES AND BIOORGANIC CHEMISTRY PART, CONTEMPORARY AND FUTURE ORGANIC CHEMISTRY | ||
| 942 |
_2ddc _cFPS |
||
| 999 |
_c9335 _d9335 |
||